| 000 -ლიდერი |
| ფიქსირებული სიგრძის საკონტროლო ველი |
01302nam a2200241Ia 4500 |
| 001 - საკონტროლო ნომერი |
| საკონტროლო ველი |
19413 |
| 003 - საკონტროლო ნომრის იდენტიფიკატორი |
| საკონტროლო ველი |
GE_BSU |
| 005 - ბოლო ოპერაციის თარიღი და დრო |
| საკონტროლო ველი |
20200310172840.0 |
| 008 - ფიქსირებული სიგრძის მონაცემთა ელემენტები - ზოგადი ინფორმაცია |
| ფიქსირებული სიგრძის საკონტროლო ველი |
181216s1941||||ge |||||||||||||| ||geo|| |
| 040 ## - კატალოგიზაციის წყარო |
| Transcribing agency |
GE_BSU |
| 041 ## - ენის კოდი |
| Language code of text/sound track or separate title |
geo |
| 080 ## - უნივერსალური ათობითი კლასიფიკაციის ინდექსი |
| Universal Decimal Classification number |
811.353.1(058) მ-80 |
| 245 ## - ცნობა სათაურის შესახებ |
| Title |
აკად. ნ. მარის სახელობის ენის, ისტორიისა და მატერიალური კულტურის ინსტიტუტის მოამბე = Известия института языка, истории и материальной культуры им. акад. Н.Я. Марра = Bulletin De L'Institut Marr De Langues, D'Histoire et De Culture Materielle : |
| Remainder of title |
მოამბე X / |
| Statement of responsibility, etc |
რედ. სიმონ ჯანაში ; |
| 264 ## - წარმოების, გამოცემის, დისტრიბუციის და სხვა ცნობები |
| გამოცემის, წარმოების, დისტრიბუციის... ადგილი |
თბილისი : |
| გამოცემის, წარმოების, დისტრიბუციის... სახელწოდება |
საქ. მეცნ. აკად გამ–ბა, |
| გამოცემის, წარმოების, დისტრიბუციის... თარიღი |
1941. |
| 300 ## - ფიზიკური აღწერა |
| Extent |
428 გვ. ; |
| Dimensions |
25სმ. |
| Accompanying material |
|
| 490 ## - სერიის ცნობა |
| Series statement |
(ენიმკის) მოამბე |
| 520 ## - SUMMARY, ETC. |
| Summary, etc |
(ენიმკის) მოამბე |
| 653 ## - INDEX TERM--UNCONTROLLED |
| Uncontrolled term |
ენათმეცნიერება |
| 653 ## - INDEX TERM--UNCONTROLLED |
| Uncontrolled term |
მოამბე X |
| 700 ## - ADDED ENTRY--PERSONAL NAME |
| Personal name |
ჯანაშია, სიმონ |
| Dates associated with a name |
|
| Relator term |
რედაქტორი |
| 9 (RLIN) |
7704 |
| 942 ## - ADDED ENTRY ELEMENTS (KOHA) |
| Koha item type |
წიგნი |
| Source of classification or shelving scheme |
|